<?xml version="1.0" encoding="UTF-8"?>
<record
    xmlns:xsi="http://www.w3.org/2001/XMLSchema-instance"
    xsi:schemaLocation="http://www.loc.gov/MARC21/slim http://www.loc.gov/standards/marcxml/schema/MARC21slim.xsd"
    xmlns="http://www.loc.gov/MARC21/slim">

  <leader>02042nam a2200241Ia 4500</leader>
  <controlfield tag="001">b7125-53199 </controlfield>
  <controlfield tag="003">IT-MiCISF</controlfield>
  <controlfield tag="005">20240402122415.0</controlfield>
  <controlfield tag="008">161014s9999||||xx |||||||||||||| ||und||</controlfield>
  <datafield tag="040" ind1=" " ind2=" ">
    <subfield code="a">IT-MiCISF</subfield>
    <subfield code="c">IT-MiCISF</subfield>
  </datafield>
  <datafield tag="041" ind1=" " ind2=" ">
    <subfield code="a">it</subfield>
  </datafield>
  <datafield tag="100" ind1=" " ind2=" ">
    <subfield code="a">Bruno Simone</subfield>
    <subfield code="9">56523</subfield>
  </datafield>
  <datafield tag="245" ind1=" " ind2="0">
    <subfield code="a">Affiancare le famiglie fragili.</subfield>
    <subfield code="b">Verso nuove norme di affido</subfield>
  </datafield>
  <datafield tag="260" ind1=" " ind2=" ">
    <subfield code="a">Cinisello Balsamo (MI),</subfield>
    <subfield code="b">San Paolo,</subfield>
    <subfield code="c">2015</subfield>
  </datafield>
  <datafield tag="300" ind1=" " ind2=" ">
    <subfield code="a">pp. 342</subfield>
  </datafield>
  <datafield tag="500" ind1=" " ind2=" ">
    <subfield code="a">affido, societ&#xE0;, storia, legislazione, servizi-sociali, rapporti-operatori-utenti, famiglia-terapeutica, esperienze </subfield>
  </datafield>
  <datafield tag="520" ind1=" " ind2=" ">
    <subfield code="a">Come si aiutano le famiglie vulnerabili? I bambini vanno necessariamente separati dai loro genitori? Le comunit&#xE0; e l'istituto dell'affido sono le uniche vie per proteggere e cautelare lo sviluppo dei pi&#xF9; piccoli? Il percorso tracciato in questo lavoro tenta di rispondere a queste domande, solcando i confini di una nuova frontiera in materia di tutela minorile. Parte dall'affido familiare, di cui sottolinea i tratti essenziali e consolidati, le evoluzioni e gli aspetti di limite, per poi volgere lo sguardo verso nuove modalit&#xE0; di intervento che mirano a ridurre l'allontanamento dei figli dalla famiglia di appartenenza sostenendo quest'ultima attraverso la valorizzazione delle sue risorse. Come? Con il progetto "Una famiglia per una famiglia", un modello innovativo che si presta a compiere un passaggio ideale che dall'affidamento approda all'affiancamento familiare. Il suo obiettivo &#xE8; preventivo: ridurre i fattori di rischio che possono portare all'allontanamento del minore dalla sua famiglia. La formula &#xE8; originale: una famiglia solidale si impegna concretamente a sostenere un'altra famiglia che, per svariate ragioni, vive disagi di tipo economico, psicologico o relazionale tali da compromettere il rapporto con i figli.</subfield>
  </datafield>
  <datafield tag="650" ind1=" " ind2=" ">
    <subfield code="a">adozione-affido</subfield>
  </datafield>
  <datafield tag="654" ind1=" " ind2=" ">
    <subfield code="a">saggio</subfield>
  </datafield>
  <datafield tag="700" ind1=" " ind2=" ">
    <subfield code="a">Hanno collaborato: Carr&#xE0; E., Elia L., Iafrate R., Maurizio R., Perotto N., Salvatori G. </subfield>
    <subfield code="9">60599</subfield>
  </datafield>
  <datafield tag="942" ind1=" " ind2=" ">
    <subfield code="c">BK</subfield>
    <subfield code="2">ddc</subfield>
  </datafield>
  <datafield tag="999" ind1=" " ind2=" ">
    <subfield code="c">209849</subfield>
    <subfield code="d">209849</subfield>
  </datafield>
  <datafield tag="999" ind1=" " ind2=" ">
    <subfield code="b">si</subfield>
  </datafield>
  <datafield tag="952" ind1=" " ind2=" ">
    <subfield code="0">0</subfield>
    <subfield code="1">0</subfield>
    <subfield code="4">0</subfield>
    <subfield code="6">B_712553199</subfield>
    <subfield code="7">1</subfield>
    <subfield code="a">CISF</subfield>
    <subfield code="b">CISF</subfield>
    <subfield code="d">2016-10-14</subfield>
    <subfield code="l">0</subfield>
    <subfield code="o">b7125-53199 </subfield>
    <subfield code="r">2016-10-14 00:00:00</subfield>
    <subfield code="w">2016-10-14</subfield>
    <subfield code="y">BK</subfield>
    <subfield code="z">Data import 15.10.2016 / by Epidotti, Vaglietti</subfield>
  </datafield>
</record>
